[Event "ECU-chT U20"]
[Site "Carpuela"]
[Date "2014.05.03"]
[Round "1.2"]
[White "Condor Flores, Andres Efrain"]
[Black "David Parrales, Carlos Agustin"]
[Result "1-0"]
[WhiteElo "1899"]
[BlackElo "1638"]
[PlyCount "93"]
[EventDate "2014.05.03"]
[EventType "team-swiss"]
[EventRounds "7"]
[EventCountry "ECU"]
[SourceTitle "CBM 160 Extra"]
[Source "ChessBase"]
[SourceDate "2014.07.01"]
[SourceVersion "1"]
[SourceVersionDate "2014.07.01"]
[SourceQuality "1"]
[WhiteTeam "Pichincha"]
[BlackTeam "Manabi"]
[WhiteTeamCountry "ECU"]
[BlackTeamCountry "ECU"]

1. e4 c5 2. Nf3 Nc6 3. d4 cxd4 4. Nxd4 g6 5. c4 Nf6 6. Nc3 d6 7. Be2 Nxd4 8. Qxd4 Bg7 9. Bg5 0-0 10. Qd2 Be6 11. 0-0 a5 12. a4 Re8 13. Be3 Nd7 14. b3 Nc5 15. Rab1 Bxc3 16. Qxc3 Nxe4 17. Qd4 Nc5 18. Bh6 f6 19. Rfd1 Qc7 20. h4 Bf7 21. Bf3 Rad8 22. Qf4 Nd7 23. Be4 Nc5 24. Bf3 f5 25. Qd2 e5 26. Bg5 Rd7 27. Bd5 Ne6 28. b4 Nxg5 29. hxg5 Bxd5 30. Qxd5+ Kg7 31. c5 Red8 32. cxd6 Qxd6 33. Qxa5 Qe7 34. Rxd7 Rxd7 35. Qc5 Qe6 36. Re1 e4 37. Qc3+ Kg8 38. Qc8+ Kg7 39. Qc3+ Kg8 40. Rc1 Qe7 41. Qc8+ Kg7 42. Qc3+ Kg8 43. Qb3+ Kg7 44. Qb2+ Kg8 45. Rc8+ Kf7 46. Qb3+ Qe6 47. Rf8+ 1-0

[Event "Capablanca Memorial op-B 48th"]
[Site "Havana"]
[Date "2013.04.30"]
[Round "9"]
[White "Bueno Gauna, Christian Alejandro"]
[Black "Condor Flores, Andres Efrain"]
[Result "1/2-1/2"]
[WhiteElo "2026"]
[BlackElo "1900"]
[PlyCount "58"]
[EventDate "2013.04.21"]
[EventType "swiss"]
[EventRounds "9"]
[EventCountry "CUB"]
[SourceTitle "CBM 154 Extra"]
[Source "ChessBase"]
[SourceDate "2013.06.25"]
[SourceVersion "2"]
[SourceVersionDate "2013.06.25"]
[SourceQuality "1"]

1. e4 e6 2. d4 d5 3. Nc3 Bb4 4. e5 c5 5. a3 Bxc3+ 6. bxc3 Ne7 7. Qg4 Qc7 8. Qxg7 Rg8 9. Qxh7 cxd4 10. Ne2 Nbc6 11. f4 Bd7 12. Qd3 dxc3 13. Nxc3 a6 14. h4 Nf5 15. Rh3 0-0-0 16. h5 Nh6 17. Bd2 Na5 18. Ne2 Nc4 19. Bb4 Bb5 20. Qc3 a5 21. Bd6 Nxd6 22. exd6 Rxd6 23. Qxc7+ Kxc7 24. Nd4 Bxf1 25. Kxf1 Rb6 26. Rc3+ Kd7 27. Nb3 Rb5 28. g3 b6 29. Kg2 Kd6 1/2-1/2

[Event "Capablanca Memorial op-B 48th"]
[Site "Havana"]
[Date "2013.04.29"]
[Round "8"]
[White "Mandina Verdecia, Yoan"]
[Black "Condor Flores, Andres Efrain"]
[Result "0-1"]
[WhiteElo "2034"]
[BlackElo "1900"]
[PlyCount "84"]
[EventDate "2013.04.21"]
[EventType "swiss"]
[EventRounds "9"]
[EventCountry "CUB"]
[SourceTitle "CBM 154 Extra"]
[Source "ChessBase"]
[SourceDate "2013.06.25"]
[SourceVersion "2"]
[SourceVersionDate "2013.06.25"]
[SourceQuality "1"]

1. d4 Nf6 2. c4 c5 3. e3 g6 4. Nc3 Bg7 5. Nf3 0-0 6. Bd3 d6 7. h3 Nc6 8. 0-0 e5 9. d5 Ne7 10. a3 Ne8 11. Ne1 f5 12. f3 f4 13. exf4 exf4 14. Nc2 g5 15. Ne4 Nf5 16. Rb1 a5 17. b4 axb4 18. axb4 b6 19. bxc5 bxc5 20. Bb2 Ra7 21. Bxg7 Rxg7 22. Rb8 h5 23. Be2 Nf6 24. Nxf6+ Qxf6 25. Qa1 Qg6 26. Qa8 Ne7 27. Ne1 Qf5 28. Nd3 Qd7 29. Nf2 Nf5 30. Rfb1 Ng3 31. Bd3 g4 32. hxg4 hxg4 33. Nxg4 Rxg4 34. R1b7 Ne2+ 35. Kf1 Qe8 36. Bxe2 Rh4 37. Rb3 Rh1+ 38. Kf2 Qh5 39. Bf1 Qh4+ 40. Ke2 Re8+ 41. Kd3 Re3+ 42. Kd2 Qf2+ 0-1

[Event "Capablanca Memorial op-B 48th"]
[Site "Havana"]
[Date "2013.04.24"]
[Round "4"]
[White "Doubleday, William G"]
[Black "Condor Flores, Andres Efrain"]
[Result "1/2-1/2"]
[WhiteElo "2016"]
[BlackElo "1900"]
[PlyCount "87"]
[EventDate "2013.04.21"]
[EventType "swiss"]
[EventRounds "9"]
[EventCountry "CUB"]
[SourceTitle "CBM 154 Extra"]
[Source "ChessBase"]
[SourceDate "2013.06.25"]
[SourceVersion "2"]
[SourceVersionDate "2013.06.25"]
[SourceQuality "1"]

1. d4 Nf6 2. c4 c5 3. d5 e6 4. Nc3 exd5 5. cxd5 d6 6. e4 g6 7. Bd3 Bg7 8. h3 0-0 9. Nf3 b5 10. Bxb5 Nxe4 11. Nxe4 Qa5+ 12. Qd2 Qxb5 13. Nxd6 Qa6 14. Nxc8 Re8+ 15. Kd1 Rxc8 16. Re1 Qd6 17. Ke2 Qa6+ 18. Kd1 Rd8 19. Re2 Nc6 20. Ke1 Nb4 21. a3 Rxd5 22. axb4 Qxa1 23. Qxd5 Qxc1+ 24. Qd1 Qxd1+ 25. Kxd1 cxb4 26. Kc2 a5 27. Kb3 Bf6 28. Ka4 Kg7 29. Rc2 Kf8 30. Nd2 Ke7 31. Nc4 Ke6 32. Re2+ Kf5 33. Nd6+ Kg5 34. Nxf7+ Kh5 35. Nd6 Bd4 36. Rd2 Bf6 37. Nc4 Rd8 38. Rd6 Rxd6 39. Nxd6 Bxb2 40. Kxa5 Bd4 41. Kxb4 Bxf2 42. Nc4 Bd4 43. Nd2 Be3 44. Nf3 1/2-1/2